Statistics for Top 10 Best Songs of November 2014 by Artist

Click here to take the quiz!

General Stats

  • This quiz has been taken 185 times
  • The average score is 6 of 10

Answer Stats

HintAnswer% Correct
1.Meghan TrainorAll About That Bass
86%
4.Jessie J, Ariana Grande, and Nicki MinajBang Bang
82%
9.HozierTake Me to Church
76%
10.Sam SmithStay With Me
71%
2.Taylor SwiftShake it Off
69%
6.Iggy Azalea ft. Rita OraBlack Widow
64%
5.Maroon 5Animals
44%
3.Tove LoHabits (Stay High)
27%
7.Jeremih ft.YGDon't Tell 'Em
25%
8.Bobby ShmurdaHot Boy
8%

Score Distribution

Percentile by Number Answered

Percent of People with Each Score

Your Score History

You have not taken this quiz